000 00296nam a22001217a 4500
082 _a030
_bBUR/N-6
100 _aBURTON,MAURICE
100 _aBURTON,ROBERT
245 _aNEW ILUSTRATED WILDLIFE ENCYCLOPEDIA: VOL6 COC-CRO
260 _aAMERICA
_bBPC
650 _aENCYCLOPEDIA
_zAMERICA
942 _cBK
999 _c1972
_d1972